Szczegóły MARC21

Określenie efektywności metod dydaktycznych

005 -DATA I CZAS OSTATNIEJ MODYFIKACJI [,]
    • @
    • pole kontrolne
    • 20061207111054.0
040 -Instytucja sporządzająca opis [ , ]
    • a
    • Instytucja, która sporządziła opis (NP)
    • SZCZ U / BS
    • c
    • Instytucja, która sporządziła rekord (NP)
    • SZCZ U / BS
    • d
    • Instytucja, która zmodyfikowała rekord (P)
    • SZCZ U/JŚ
041 -Język dokumentu [0, ]
    • a
    • Język tekstu (P)
    • polski
044 -Kraj miejsca wydania [ , ]
    • a
    • Kraj miejsca wydania
    • Polska
942 -Rodzaj dokumentu [ , ]
    • c
    • Rodzaj dokumentu
    • Książka
100 -Hasło główne - nazwa osobowa [1, ]
    • a
    • Nazwa osobowa (NP)
    • DENEK, KAZIMIERZ
245 -Strefa tytułu i oznaczenia odpowiedzialności [1,0]
    • a
    • Tytuł
    • Określenie efektywności metod dydaktycznych Find
    • c
    • Pozostałe elementy strefy tytułu i oznaczenia odpowiedzialności (NP)
    • Kazimierz Denek ; Uniwersytet im. Adama Mickiewicza. Wyższa Szkoła Nauczycielska w Szczecinie. Międzywydziałowy Zakład Nowych Technik Nauczania
260 -Strefa adresu wydawniczego [ , ]
    • a
    • Miejsce wydania (P)
    • Szczecin :
    • b
    • Nazwa wydawcy (P)
    • [B. m.],
    • c
    • Data wydania (P)
    • 1972. -
300 -Strefa opisu fizycznego [ , ]
    • a
    • Określenie formy książki i/lub objętość (NP)
    • 50 s. ;
    • c
    • Format (NP)
    • 20 cm.
080 -Uniwersalna Klasyfikacja Dziesiętna [ , ]
    • 2
    • Identyfikator wydania tablic
    • UDC-P022
    • a
    • Symbol klasyfikacji
    • 372.8
    • b
    • Dopowiedzenie
    • Metodyka nauczania poszczególnych przedmiotów w różnych stopni i typów.
080 -Uniwersalna Klasyfikacja Dziesiętna [ , ]
    • 2
    • Identyfikator wydania tablic
    • UDC-P022
    • a
    • Symbol klasyfikacji
    • 37.012
    • b
    • Dopowiedzenie
    • Metody badań pedagogicznych. Obserwacja pedagogiczna.
980 -Symbol UKD [ , ]
    • a
    • UKD
    • 372.8:37.012
Status udost. Numer inwentarzowy Lokalizacja Data inwentaryzacji Uwagi nie widoczne w OPAC
1Pd.17950BG2006-11-20 
2Pd.10389BNS przepisany